Statistics for Religion by Letter - H

Click here to take the quiz!

General Stats

  • This quiz has been taken 112 times
    (98 since last reset)
  • The average score is 14 of 20

Answer Stats

HintAnswer% Correct
Third largest world religionHinduism
99%
Muslim pilgrimage to MeccaHajj
96%
Language of JudaismHebrew
94%
Greek god of the underworldHades
90%
One of the parts of the TrinityHoly Spirit
89%
Where voodoo is practicedHaiti
84%
King who tried to kill Jesus as a babyHerod
81%
Arabic term that means "permissible"Halal
79%
Veil worn by Muslim womenHijab
79%
Sect of the above founded in the U.S.{Hare} Krishna
64%
Jewish New Year: Rosh ________Hashanah
63%
Jewish "Festival of Lights"Hanukkah
61%
Babylonian king whose code
decreed "an eye for an eye"
Hammurabi
60%
Arabic term that means "forbidden"Haram
60%
Founder of ScientologyL. Ron Hubbard
60%
Where Pele was once worshipedHawaii
54%
First supreme head of the
Church of England
Henry VIII
47%
Egyptian god with a falcon headHorus
44%
"Colorful" Indian festivalHoli
43%
Term for the jurisdiction of the popeHoly See
39%

Score Distribution

Percentile by Number Answered

Percent of People with Each Score

Your Score History

You have not taken this quiz since the last reset